000 00881aaa a2200277 i 4500
003 DO-SdBNP
005 20241015144318.0
007 ta
008 241015b2010 dr ||||| |||| 00| 0 spa d
040 _aDO-SdBNP
_bspa
_cBNPHU
_erda
049 _aBNPD
082 4 _axxx
_bxxx
_222
100 _956059
245 0 0 _a500 años de la creación de la diócesis de Santo Domingo /
_cedición, Rafael Bello Peguero
246 _aQuinientos años de la creación de la diócesis de Santo Domingo :
250 _aSegunda edición
264 4 _aSanto Domingo :
_bEditora Amigo del Hogar,
_c2010.
300 _a30 páginas ;
_c21 cm.
336 _atexto
_btxt
_2rdacontent
337 _asin mediación
_bn
_2rdamedia
338 _avolumen
_bnc
_2rdacarrier
590 _aInventariado, 2024/BT
700 _aBello Peguero, Rafael,
_eeditor
_4ed.
910 _aBtavárez
942 _2ddc
_cLF2
999 _c57874
_d57874